O Socialismo, a Transição e o Caso Português (Registo nº 2824)
[ vista simples ]
| 000 -Etiqueta do registo | |
|---|---|
| Valores | 00564nam a22001691i 4500 |
| 090 ## - | |
| -- | 2824 |
| 100 ## - Dados gerais de processamento | |
| Dados gerais | 20170304u u u0frey50 ba |
| 101 0# - Língua de publicação | |
| -- | por |
| 200 1# - Titulo e menção de responsabilidade | |
| Primeira menção de responsabilidade | João Martins Pereira |
| Título próprio | O Socialismo, a Transição e o Caso Português |
| 215 ## - Descrição física | |
| Paginação / Volumes | 331[5]p |
| Dimensões | 20cm |
| 210 ## - Publicação | |
| Nome do editor | Bertrand |
| Local de publicação | Amadora |
| Data de publicação | 1976 |
| 225 2# - Colecção | |
| Título próprio da colecção | Ciências sociais e humanas |
| 410 #0 - | |
| -- | Ciências sociais e humanas |
| 700 #1 - Autor principal (pessoa individual) | |
| Apelido | Pereira |
| Nome | João Martins |
| -- | 070 |
| 996 ## - ISO2709 | |
| -- | 0003071 |
| -- | PER |
| -- | 00000000 |
| -- | 00000000 |
| -- | BMVA |
| -- | 1 |
| -- | Viana do Alentejo |
| -- | Politica Portuguesa |
| -- | 33 |
| -- | Livro |
| -- | 0 |
| -- | 1 |
| 990 ## - Elementos KOHA | |
| Tipo de documento | Livro |
| Situação do levantamento | Estado | Biblioteca de origem | Biblioteca de empréstimo | Código de barras | Cota | Permissão de empréstimo | Tipo de documento |
|---|---|---|---|---|---|---|---|
| Completo | Biblioteca Municipal de Viana Do Alentejo | Biblioteca Municipal de Viana Do Alentejo | 0003476 | 33 PER | Disponível | Livro |